Le chevalier de Maison Rouge / (Record no. 85476)
[ view plain ]
| 000 -LEADER | |
|---|---|
| fixed length control field | 00833cam a2200241u 4500 |
| 001 - CONTROL NUMBER | |
| control field | 85476 |
| 003 - CONTROL NUMBER IDENTIFIER | |
| rucl marc code | BD-RjUL |
| 005 - DATE AND TIME OF LATEST TRANSACTION | |
| control field | 20250809113019.0 |
| 008 - FIXED-LENGTH DATA ELEMENTS--GENERAL INFORMATION | |
| fixed length control field | 811117s1928 enk 000 0 fre |
| 035 ## - SYSTEM CONTROL NUMBER | |
| System control number | (BD-RjUL) 85476 |
| 040 ## - CATALOGING SOURCE | |
| Original cataloging agency | DLC |
| Transcribing agency | CarP |
| Modifying agency | DLC |
| Language of cataloging | eng |
| 041 ## - LANGUAGE CODE | |
| Language code of text/sound track or separate title | eng |
| 082 ## - DEWEY DECIMAL CLASSIFICATION NUMBER | |
| Edition number | 21 |
| Classification number | 843 |
| Author mark and year | DUL 1928 |
| 100 1# - MAIN ENTRY--PERSONAL NAME | |
| Personal name | Dumas, Alexandre, |
| Dates associated with a name | 1802-1870. |
| 9 (RLIN) | 16516 |
| 245 13 - TITLE STATEMENT | |
| Title | Le chevalier de Maison Rouge / |
| Statement of responsibility, etc. | Alexndere Dumas |
| 260 ## - PUBLICATION, DISTRIBUTION, ETC. (IMPRINT) | |
| Place of publication, distribution, etc. | London, |
| Name of publisher, distributor, etc. | J. M. Dent & sons, ltd.; |
| Date of publication, distribution, etc. | [1928] |
| 300 ## - PHYSICAL DESCRIPTION | |
| Pagination | xii, 354 p. |
| Size | 18 cm. |
| 600 00 - SUBJECT ADDED ENTRY--PERSONAL NAME | |
| Personal name | Marie Antoinette, |
| Titles and other words associated with a name | Queen, consort of Louis XVI, King of France, |
| Dates associated with a name | 1755-1793 |
| 650 #0 - SUBJECT ADDED ENTRY--TOPICAL TERM | |
| Topical term or geographic name as entry element | Girondists |
| General subdivision | Fiction. [from old catalog] |
| 9 (RLIN) | 16522 |
| 651 #0 - SUBJECT ADDED ENTRY--GEOGRAPHIC NAME | |
| Geographic name | France |
| General subdivision | History |
| Chronological subdivision | Revolution, 1789-1799 |
| Form subdivision | Fiction. |
| 9 (RLIN) | 11450 |
| 700 1# - ADDED ENTRY--PERSONAL NAME | |
| Personal name | Maquet, Auguste, |
| Dates associated with a name | 1813-1888, |
| Relator term | joint author. |
| 942 ## - ADDED ENTRY ELEMENTS (KOHA) | |
| Source of classification or shelving scheme | Dewey Decimal Classification |
| Koha item type | Books |
| Lost status | Source of classification or shelving scheme | Damaged status | Not for loan | Collection code | Permanent Location | Current Location | Shelving location | Date acquired | Source of acquisition | Cost, normal purchase price | Total Checkouts | Full call number | Date last seen | Copy number | Koha item type |
|---|---|---|---|---|---|---|---|---|---|---|---|---|---|---|---|
| Dewey Decimal Classification | Not For Loan | Non-fiction | Central Library, University of Rajshahi | Central Library, University of Rajshahi | Reading Room | 21/09/1955 | B.H. blackwood | 60.00 | 843 DUL 1928 | 09/08/2025 | C-1 | Books |